000
00317nam a2200145Ia 4500
008
100122s9999 xx 000 0 und d
082
_b
8647
_a
821
100
_a
फडके कमला
245
_a
भूल
260
_c
1956
300
_a
50
630
_a
भूल
730
_a
भूल
942
_c
BOOK
999
_c
400887
_d
400884